000 00623nam a22002057a 4500
003 OSt
005 20260124033908.0
008 260124b |||||||| |||| 00| 0 eng d
020 _a1-55934-978-6
040 _aDWC-Main lib.
_cOC
082 _22nd ed.
_aCirc. 305.420973 W842 1999
245 _aWomen:
_b images and realities/
250 _a2nd ed.
260 _aLondon:
_bMayfield pub., company,
_cc1999.
300 _axiii 578 p. ;
_c24 cm.
504 _ainclude index.
650 _a1. Feminism-United States.
650 _a2. Women-United States-Social conditions.
942 _2ddc
_cBK-CIRC
_e2nd ed.
_hCirc.
_n0
999 _c7767
_d7767